| 000 | 00418nam a2200145Ia 4500 | ||
|---|---|---|---|
| 008 | 231129s1986||||xx |||||||||||||| ||spa|| | ||
| 020 | _a958-602-110-6 | ||
| 040 | _bspa | ||
| 082 | _a923 N449v | ||
| 100 | _aVandenberg Philipp | ||
| 245 | 0 | _aNeron: Emperador y Dios Artista y Loco | |
| 260 | _c1986 | ||
| 264 | _aBogotá Colombia : Círculo de Lectores | ||
| 942 |
_2ddc _cBKS |
||
| 999 |
_c21650 _d21650 |
||